00000000nam 2200000zi 4500
0019.947913
003CaOODSP
00520250827090317
006m     o  d f      
007cr mn|||||||||
008250212t20252025oncab   ob   f000 0 eng d
020 |a9780660756929 |q(pdf)
020 |a9780660756936 |q(paper)
040 |aCaOODSP|beng|erda|cCaOODSP
0861 |aD2-693/2025E-PDF
0861 |aD2-693/2025E
1001 |aBalasevicius, Tony, |eauthor.
24510|aUnderstanding hybrid warfare : |bgreat power competition and conflict in the new era / |cTony Balasevicius.
24613|aUnderstanding hybrid warfare
264 1|aOttawa, Ontario : |bCanadian Special Operations Forces Command, |c[2025]
264 4|c©2025
300 |a1 online resource (207 pages, 1 unnumbered page) : |billustrations, map
336 |atext|btxt|2rdacontent
337 |acomputer|bc|2rdamedia
338 |aonline resource|bcr|2rdacarrier
500 |a"Produced for CANSOFCOM Education & Research Centre by 17 Wing Winnipeg Publishing Office"--Title page verso.
500 |a"WPO32517"--Title page verso.
504 |aIncludes bibliographical references.
5050 |apt. I. Towards a doctrine of hybrid warfare -- pt. II. Case studies in the employment of hybrid warfare -- pt. III. Countering the hybrid warfare threat -- Conclusion -- Endnotes -- About the author.
520 |a"The final publication for Canadian Special Operations Forces Command's Education and Research Centre, this monograph examines the modern theoretical development of hybrid warfare; reviews key events that highlight specific aspects of hybrid warfare to provide readers with a better understanding of the practical application of this type of warfare and how it could play out; and offers recommendations on what Western governments could do to prepare for, and mitigate, the effects of this type of conflict"--Supplied from publisher.
650 0|aHybrid warfare.
650 0|aMilitary doctrine.
650 0|aMilitary doctrine|zWestern countries.
650 6|aGuerre hybride.
650 6|aDoctrines militaires.
650 6|aDoctrines militaires|zOccident.
7101 |aCanada. |bCanadian Special Operations Forces Command, |eissuing body.
7760#|tUnderstanding hybrid warfare : |w(CaOODSP)9.947914
85640|qPDF|s7.72 MB|uhttps://publications.gc.ca/collections/collection_2025/mdn-dnd/D2-693-2025-eng.pdf